[Event "9. Lichtenberger Sommer"]
[Site "Berlin"]
[Date "2010.08.09"]
[Round "3.26"]
[White "Kapp, Martin"]
[Black "Lerch, Philipp"]
[Result "1/2-1/2"]
[WhiteElo "2171"]
[BlackElo "1944"]
[PlyCount "100"]
[EventDate "2010.??.??"]
[WhiteTeam "TSV IFA Chemnitz"]
[BlackTeam "SK König Tegel 1949 e.V."]

1. d4 Nf6 2. c4 c5 3. d5 b5 4. cxb5 a6 5. b6 e6 6. Nc3 exd5 7. Nxd5 Nxd5 8.
Qxd5 Nc6 9. Bg5 Qxb6 10. Qe4+ Be7 11. Bxe7 Nxe7 12. O-O-O Rb8 13. Qe5 f6 14.
Qc3 d5 15. e4 d4 16. Qa3 O-O 17. Ne2 f5 18. e5 f4 19. Ng1 Be6 20. Nf3 Nc6 21.
Ng5 Bd5 22. Re1 Nb4 23. Ne4 Nxa2+ 24. Kb1 Bxe4+ 25. Kxa2 Bd5+ 26. Ka1 c4 27.
Be2 Qc6 28. Rc1 Qe6 29. Qd6 d3 30. Bf3 Qxd6 31. exd6 Bf7 32. d7 Rfd8 33. Bg4
Rb4 34. Rcd1 Bd5 35. Rhe1 Kf8 36. Re5 Bc6 37. Rf5+ Ke7 38. Rxf4 Kd6 39. Rxd3+
cxd3 40. Rxb4 Kc5 41. Rb3 Kd4 42. Bf5 Bb5 43. Rxb5 axb5 44. Kb1 g6 45. Bh3 b4
46. Kc1 h5 47. Kd2 g5 48. Bf5 Ke5 49. g4 hxg4 50. Bxg4 Kd4 1/2-1/2

[Event "9. Lichtenberger Sommer"]
[Site "Berlin"]
[Date "2010.08.09"]
[Round "3.27"]
[White "Hohn, August"]
[Black "Magnussen, Helge"]
[Result "0-1"]
[WhiteElo "2031"]
[BlackElo "2119"]
[PlyCount "48"]
[EventDate "2010.??.??"]
[WhiteTeam "SC Zugzwang 95 e.V."]
[BlackTeam "Elmshorner SC von 1896"]

1. c4 e6 2. Nc3 d5 3. d4 Nf6 4. g3 c6 5. Bg2 dxc4 6. a4 Bb4 7. e3 e5 8. dxe5
Qxd1+ 9. Kxd1 Ng4 10. Ke2 Nxe5 11. Bd2 O-O 12. a5 Na6 13. Ne4 Bf5 14. f4 Nd3
15. Bxb4 Naxb4 16. Nd6 Bg4+ 17. Nf3 Rad8 18. Nxb7 Rd7 19. a6 Nxa6 20. Rxa6 Rxb7
21. Ra2 Rfb8 22. Rd1 Rxb2+ 23. Rd2 Rxa2 24. Rxa2 Nc1+ 0-1

[Event "9. Lichtenberger Sommer"]
[Site "Berlin"]
[Date "2010.08.09"]
[Round "3.28"]
[White "Kornath, Heinrich"]
[Black "Heuer, Thomas"]
[Result "1/2-1/2"]
[WhiteElo "1976"]
[BlackElo "2152"]
[PlyCount "63"]
[EventDate "2010.??.??"]
[WhiteTeam "SC Friesen Lichtenberg e.V."]
[BlackTeam "TSG Neuruppin"]

1. e4 c5 2. Nf3 d6 3. d4 cxd4 4. Nxd4 Nf6 5. Nc3 g6 6. Be3 Bg7 7. f3 O-O 8. Qd2
Nc6 9. Bc4 Bd7 10. Bb3 Rc8 11. O-O-O Ne5 12. h4 Nc4 13. Bxc4 Rxc4 14. h5 Nxh5
15. g4 Nf6 16. Bh6 Nxe4 17. Qe3 Rxc3 18. bxc3 Nf6 19. Bxg7 Kxg7 20. Rh4 Rh8 21.
c4 Qa5 22. g5 Ng8 23. Rd3 e5 24. Nb3 Qxa2 25. Kd2 Bf5 26. Rc3 b6 27. f4 f6 28.
Rh1 Qa6 29. fxe5 fxe5 30. Qf3 Qc8 31. Ra1 Qc7 32. Qa8 1/2-1/2

[Event "9. Lichtenberger Sommer"]
[Site "Berlin"]
[Date "2010.08.09"]
[Round "3.29"]
[White "Welz, Peter"]
[Black "Koischwitz, Wanja"]
[Result "1-0"]
[WhiteElo "2162"]
[BlackElo "1773"]
[PlyCount "59"]
[EventDate "2010.??.??"]
[WhiteTeam "SV Empor Berlin e.V."]
[BlackTeam "Queer-Springer SSV Berlin"]

1. e4 Nf6 2. e5 Nd5 3. d4 d6 4. c4 Nb6 5. f4 dxe5 6. fxe5 Nc6 7. Be3 Bf5 8. Nc3
e6 9. Nf3 Bg4 10. Be2 Be7 11. O-O O-O 12. b3 f6 13. exf6 Bxf6 14. Ne4 Bxf3 15.
Nxf6+ Qxf6 16. Bxf3 Qe7 17. Qe2 Rad8 18. Rad1 a5 19. Bf2 a4 20. Rfe1 axb3 21.
axb3 Na5 22. Rd3 Qb4 23. Qxe6+ Kh8 24. Bh4 Rd7 25. c5 Rxd4 26. Rxd4 Qxd4+ 27.
Bf2 Qb4 28. cxb6 c6 29. Qe7 Qf4 30. Be3 1-0

[Event "9. Lichtenberger Sommer"]
[Site "Berlin"]
[Date "2010.08.09"]
[Round "3.30"]
[White "Fischer, Daniel"]
[Black "Neumaier, Hubert"]
[Result "1/2-1/2"]
[WhiteElo "2089"]
[BlackElo "1858"]
[PlyCount "81"]
[EventDate "2010.??.??"]
[WhiteTeam "SK Oberkirch"]
[BlackTeam "vereinslos"]

1. c4 Nf6 2. g3 c5 3. Bg2 Nc6 4. Nf3 g6 5. Nc3 Bg7 6. d4 cxd4 7. Nxd4 Nxd4 8.
Qxd4 d6 9. O-O O-O 10. Qd3 Rb8 11. Rd1 Bf5 12. e4 Bg4 13. f3 Be6 14. Be3 Rc8
15. b3 Nd7 16. Rac1 Qa5 17. Qd2 Bxc3 18. Rxc3 b5 19. Rdc1 bxc4 20. Qd4 f6 21.
Qxa7 Qxa7 22. Bxa7 Ra8 23. Bd4 cxb3 24. axb3 Rfb8 25. Bf1 Rxb3 26. Rxb3 Bxb3
27. Bh3 Ne5 28. Bxe5 fxe5 29. Rc8+ Rxc8 30. Bxc8 Kf7 31. Kf2 e6 32. f4 Kf6 33.
Ba6 g5 34. fxg5+ Kxg5 35. h4+ Kf6 36. Be2 d5 37. Bf3 Ke7 38. g4 h6 39. Ke3 Kf6
40. Kf2 Bc2 41. Ke3 1/2-1/2

[Event "9. Lichtenberger Sommer"]
[Site "Berlin"]
[Date "2010.08.09"]
[Round "3.31"]
[White "Pöltelt, Helmut"]
[Black "Richter, Götz"]
[Result "0-1"]
[WhiteElo "1697"]
[BlackElo "2072"]
[PlyCount "84"]
[EventDate "2010.??.??"]
[WhiteTeam "SC Eintracht Berlin e.V."]
[BlackTeam "Klub Kölner Schachfreunde e.V. 1"]

1. e4 c5 2. Nf3 e6 3. d4 cxd4 4. Nxd4 Bc5 5. c3 Qb6 6. Qb3 Nf6 7. Qxb6 Bxb6 8.
Bd3 d6 9. Bg5 Nbd7 10. Nd2 h6 11. Bh4 Ne5 12. Bb5+ Ke7 13. Bxf6+ Kxf6 14. Nc4
Bc7 15. Ne3 a6 16. Be2 Bd7 17. f4 Nc6 18. O-O-O Rac8 19. Kb1 Nxd4 20. Rxd4 Bc6
21. e5+ dxe5 22. fxe5+ Ke7 23. Nc4 Rhd8 24. Rhd1 Rxd4 25. Rxd4 Rd8 26. Bf3 Bxf3
27. Rxd8 Kxd8 28. gxf3 b5 29. Nd6 Bxd6 30. exd6 Kd7 31. Kc2 Kxd6 32. Kd3 g5 33.
c4 f5 34. b3 Kc5 35. cxb5 axb5 36. a3 h5 37. Ke3 Kd5 38. h3 h4 39. a4 bxa4 40.
bxa4 Kc4 41. a5 Kb5 42. Kd4 g4 0-1

[Event "9. Lichtenberger Sommer"]
[Site "Berlin"]
[Date "2010.08.09"]
[Round "3.32"]
[White "Syré, Christian"]
[Black "Nagel, Gerhard"]
[Result "1-0"]
[WhiteElo "2282"]
[BlackElo "1975"]
[PlyCount "71"]
[EventDate "2010.??.??"]
[WhiteTeam "TSG Oberschöneweide e.V."]
[BlackTeam "SC Einheit Bautzen"]

1. d4 d5 2. c4 c6 3. cxd5 cxd5 4. Nc3 Nf6 5. Bf4 e6 6. e3 Bd6 7. Bxd6 Qxd6 8.
Bd3 O-O 9. f4 Nfd7 10. Nf3 f5 11. O-O a6 12. Kh1 Nf6 13. Ne5 Bd7 14. g4 fxg4
15. Nxg4 Be8 16. Rg1 Kh8 17. Qc2 Nbd7 18. Rg3 Nxg4 19. Rxg4 Nf6 20. Rh4 h6 21.
Rg1 Rc8 22. Qg2 Rc7 23. Nd1 Ne4 24. Bxe4 dxe4 25. Nf2 Bc6 26. Ng4 Qd8 27. Qh3
Rxf4 28. Rxh6+ gxh6 29. Qxh6+ Rh7 30. Qxf4 Rg7 31. Rg3 Qh4 32. Qe5 Bd5 33. Nf2
Qe7 34. Qb8+ Kh7 35. Rh3+ Kg6 36. Qf4 1-0

[Event "9. Lichtenberger Sommer"]
[Site "Berlin"]
[Date "2010.08.09"]
[Round "3.33"]
[White "Schüler, Wolfgang"]
[Black "Plump, Detlef"]
[Result "0-1"]
[WhiteElo "1982"]
[BlackElo "2258"]
[PlyCount "122"]
[EventDate "2010.??.??"]
[WhiteTeam "SC Friesen Lichtenberg e.V."]
[BlackTeam "Chessclub York"]

1. e4 c5 2. Nc3 e6 3. Nf3 a6 4. d4 cxd4 5. Nxd4 Qc7 6. Be2 b5 7. Bf3 Bb7 8. O-O
d6 9. a3 Nd7 10. Nde2 Ne5 11. Ng3 Nf6 12. Bf4 Be7 13. Bxe5 dxe5 14. Rc1 Bxa3
15. bxa3 Qxc3 16. Qd3 Rc8 17. Be2 O-O 18. Rfd1 h6 19. f3 Rc7 20. Qxc3 Rxc3 21.
Rd3 Rfc8 22. Rxc3 Rxc3 23. a4 bxa4 24. Rb1 a3 25. Ra1 Rxc2 26. Rxa3 Rc6 27. Kf2
Ne8 28. Nf1 Nd6 29. Nd2 Kf8 30. Ra5 f6 31. Nb3 Bc8 32. Ke1 Ke7 33. Kd2 Kd8 34.
Ra2 Nb5 35. Bxb5 axb5 36. Ra5 Ba6 37. Nc1 Kc7 38. Nd3 Kb6 39. Ra2 Rc4 40. Rb2
Bb7 41. Rb3 Ra4 42. Kc3 Ra2 43. Rb2 Ra8 44. Kb4 Ra4+ 45. Kb3 Bc6 46. Rc2 Rd4
47. Nc5 Rd6 48. Kb4 f5 49. Kb3 g5 50. h3 fxe4 51. fxe4 Rd4 52. Nxe6 Rxe4 53.
Nc5 Re3+ 54. Kb4 Rg3 55. Re2 Rxg2 56. Nd7+ Kc7 57. Rxg2 Bxg2 58. Nxe5 Bxh3 59.
Kxb5 Kd6 60. Nf7+ Ke7 61. Nxh6 Kf8 0-1

[Event "9. Lichtenberger Sommer"]
[Site "Berlin"]
[Date "2010.08.09"]
[Round "3.34"]
[White "Fleischmann, Torsten"]
[Black "Meißner, Hans-Jürgen"]
[Result "0-1"]
[WhiteElo "1888"]
[BlackElo "2255"]
[PlyCount "44"]
[EventDate "2010.??.??"]
[WhiteTeam "Treptower SV 1949 e.V."]
[BlackTeam "SV Empor Berlin e.V."]

1. d4 Nf6 2. c4 g6 3. Nc3 Bg7 4. e4 O-O 5. e5 Ne8 6. f4 d6 7. Nf3 c5 8. dxc5
Nc6 9. Be2 Bf5 10. cxd6 exd6 11. O-O dxe5 12. Qxd8 Rxd8 13. fxe5 Nxe5 14. Nxe5
Bxe5 15. Be3 Nf6 16. Bg5 Rc8 17. Rac1 Bd4+ 18. Kh1 Bxc3 19. bxc3 Ne4 20. Be3 b6
21. Rf4 Rfe8 22. g4 Ng3+ 0-1

[Event "9. Lichtenberger Sommer"]
[Site "Berlin"]
[Date "2010.08.09"]
[Round "3.35"]
[White "Groß, Thorsten"]
[Black "Streit, Jürgen"]
[Result "1-0"]
[WhiteElo "2163"]
[BlackElo "1946"]
[PlyCount "95"]
[EventDate "2010.??.??"]
[WhiteTeam "SC Weisse Dame e.V."]
[BlackTeam "Schachzirkel Elstertal Langenber"]

1. d4 d5 2. c4 Bf5 3. Nc3 e6 4. cxd5 exd5 5. Qb3 Nc6 6. e4 Bxe4 7. Qxb7 Nxd4 8.
Nxe4 dxe4 9. Bb5+ Nxb5 10. Qc6+ Ke7 11. Qxb5 Rb8 12. Qe5+ Kd7 13. Qf5+ Ke8 14.
Qxe4+ Qe7 15. Qxe7+ Bxe7 16. Kd1 Nf6 17. Nf3 Ne4 18. Rf1 f6 19. Kc2 Kf7 20. Be3
Rb7 21. Nd4 Rhb8 22. b3 c5 23. Nc6 Rc8 24. Na5 Rb5 25. Nc4 Rcb8 26. Rad1 Ke6
27. Bf4 R8b7 28. f3 Ng5 29. h4 Nf7 30. Rfe1+ Kf5 31. Bh2 h5 32. Rd5+ Kg6 33.
Re6 Bf8 34. Bf4 Be7 35. Ra6 Bf8 36. Na5 Re7 37. Nc6 Re2+ 38. Bd2 Rb6 39. Rxb6
axb6 40. g4 hxg4 41. fxg4 Rg2 42. Rd7 Nd6 43. Nd8 Re2 44. Kd3 Re5 45. h5+ Kh7
46. Bf4 Rd5+ 47. Kc2 Rd4 48. Ne6 1-0

[Event "9. Lichtenberger Sommer"]
[Site "Berlin"]
[Date "2010.08.09"]
[Round "3.36"]
[White "Keusch, Horst"]
[Black "Hahlbohm, Matthias"]
[Result "1-0"]
[WhiteElo "1953"]
[BlackElo "2095"]
[PlyCount "63"]
[EventDate "2010.??.??"]
[WhiteTeam "SC Friesen Lichtenberg e.V."]
[BlackTeam "TSG Oberschöneweide e.V."]

1. f4 d5 2. Nf3 c5 3. e3 Nc6 4. Bb5 Bd7 5. O-O Nf6 6. b3 g6 7. Bb2 Bg7 8. Qe1
O-O 9. Bxc6 Bxc6 10. Be5 b5 11. d3 a5 12. Nbd2 a4 13. Qh4 Qd7 14. bxa4 Rxa4 15.
Nb3 Qa7 16. d4 c4 17. Nc5 Rxa2 18. Rac1 Qa3 19. Rfe1 Qc3 20. Qh3 Rfa8 21. Ng5
Rxc2 22. Bxf6 exf6 23. Qxh7+ Kf8 24. Nce6+ fxe6 25. Nxe6+ Ke7 26. f5 gxf5 27.
Nxg7 Rxc1 28. Nxf5+ Kd8 29. Qe7+ Kc8 30. Nd6+ Kb8 31. Qd8+ Ka7 32. Qc7+ 1-0

[Event "9. Lichtenberger Sommer"]
[Site "Berlin"]
[Date "2010.08.09"]
[Round "3.37"]
[White "Schmalzried, Volker"]
[Black "Badestein, Hartmut"]
[Result "1/2-1/2"]
[WhiteElo "1853"]
[BlackElo "2159"]
[PlyCount "119"]
[EventDate "2010.??.??"]
[WhiteTeam "Umweltbundesamt"]
[BlackTeam "SC Friesen Lichtenberg e.V."]

1. c4 Nf6 2. Nc3 e6 3. d4 d5 4. cxd5 exd5 5. Nf3 Be7 6. g3 O-O 7. Bg2 Nbd7 8.
O-O c6 9. Bf4 Re8 10. Re1 Nf8 11. a3 Ng6 12. Bg5 Ne4 13. Nxe4 dxe4 14. Bxe7
Qxe7 15. Nd2 e3 16. Nf3 exf2+ 17. Kxf2 Qe3+ 18. Kf1 Ne7 19. Rc1 Nd5 20. Ne5 Bf5
21. Nc4 Be4 22. Nxe3 Nxe3+ 23. Kf2 Nxd1+ 24. Rcxd1 Bxg2 25. Kxg2 Re3 26. d5
cxd5 27. Rxd5 Rb3 28. Red1 g6 29. R1d2 Rc8 30. Rd7 Kf8 31. e4 Ke8 32. e5 Rxb2
33. Rxb2 Kxd7 34. Rxb7+ Rc7 35. Rb5 Kc6 36. Ra5 Kb6 37. Rd5 Kc6 38. Ra5 Kb6 39.
Rd5 Rc5 40. Rd7 Rc7 41. Rd5 Kc6 42. Ra5 Rd7 43. Ra6+ Kb5 44. Rf6 a5 45. Rf3 Ka4
46. g4 h6 47. h4 Re7 48. Re3 Rb7 49. Rf3 Rb2+ 50. Kf1 Rb5 51. Rxf7 Rxe5 52. Rf6
g5 53. h5 Re4 54. Rxh6 Rxg4 55. Rh8 Rh4 56. h6 Kxa3 57. h7 a4 58. Kg2 Ka2 59.
Kg3 a3 60. Kg2 1/2-1/2

[Event "9. Lichtenberger Sommer"]
[Site "Berlin"]
[Date "2010.08.09"]
[Round "3.38"]
[White "Mehringer, Jörg"]
[Black "Wasem, Ralph"]
[Result "1-0"]
[WhiteElo "1894"]
[BlackElo "2106"]
[PlyCount "55"]
[EventDate "2010.??.??"]
[WhiteTeam "SC Weisse Dame e.V."]
[BlackTeam "SK Landau"]

1. e4 g6 2. d4 Bg7 3. c4 c5 4. d5 d6 5. Bd3 Nf6 6. Ne2 O-O 7. O-O e6 8. Nbc3
Na6 9. a3 exd5 10. exd5 Ng4 11. Ng3 Qh4 12. h3 Nxf2 13. Rxf2 Qxg3 14. Ne4 Qe5
15. Bf4 Qe8 16. Bxd6 Bd4 17. Nf6+ Bxf6 18. Rxf6 Qe3+ 19. Kh1 Rd8 20. Qf1 Rxd6
21. Rxd6 f5 22. Re1 Qg3 23. Rd8+ Kf7 24. Qe2 Qc7 25. Qe8+ Kf6 26. h4 f4 27.
Qf8+ Qf7 28. Rd6+ 1-0

[Event "9. Lichtenberger Sommer"]
[Site "Berlin"]
[Date "2010.08.09"]
[Round "3.39"]
[White "Lang, Martin"]
[Black "Krefenstein, Sergej"]
[Result "0-1"]
[WhiteElo "1945"]
[BlackElo "2045"]
[PlyCount "112"]
[EventDate "2010.??.??"]
[WhiteTeam "SC Zugzwang 95 e.V."]
[BlackTeam "vereinslos"]

1. e4 e6 2. d4 d5 3. e5 c5 4. c3 Nc6 5. Nf3 Qb6 6. a3 c4 7. Be2 Bd7 8. O-O Na5
9. Nbd2 Be7 10. Re1 Nh6 11. Qc2 O-O-O 12. Bd1 Nf5 13. a4 h5 14. b4 cxb3 15.
Nxb3 Nxb3 16. Qxb3 Qxb3 17. Bxb3 Kb8 18. Ba3 Bxa3 19. Rxa3 Rc8 20. Bc2 Rc4 21.
Bxf5 exf5 22. a5 Rhc8 23. Rc1 f4 24. h3 Bf5 25. Rb3 Be4 26. Ng5 Bg6 27. Rb5
Rxd4 28. Nxf7 Rc7 29. Nd6 Rd2 30. Re1 Re7 31. Rc5 Rc7 32. Rb5 d4 33. cxd4 Rxd4
34. Rb2 Rd5 35. a6 b6 36. Rb4 Re7 37. Rxf4 Rxd6 38. Rf8+ Be8 39. f4 Rc6 40. f5
Kc7 41. e6 Rc2 42. g4 Bc6 43. Rd1 Be8 44. g5 b5 45. g6 Kc8 46. Rf7 Rcc7 47.
Rxe7 Rxe7 48. Re1 Kc7 49. Kf2 Kd6 50. Rg1 Ke5 51. Rg5 b4 52. Rxh5 Bc6 53. Ke3
Re8 54. Rh7 Kf6 55. Kd2 Be4 56. Rh4 Kxf5 0-1

[Event "9. Lichtenberger Sommer"]
[Site "Berlin"]
[Date "2010.08.09"]
[Round "3.40"]
[White "Körner, Helmut"]
[Black "Schwarz, Oliver"]
[Result "0-1"]
[WhiteElo "1965"]
[BlackElo "2114"]
[PlyCount "202"]
[EventDate "2010.??.??"]
[WhiteTeam "Sfr.Nord-Ost Berlin"]
[BlackTeam "SV Bad Schwartau von 1930"]

1. e4 c5 2. Nc3 Nc6 3. g3 g6 4. Bg2 Bg7 5. d3 d6 6. Nh3 e6 7. O-O Rb8 8. Be3 b5
9. Qd2 Qc7 10. Nf4 Nge7 11. Nfe2 Nd4 12. Nd1 Nxe2+ 13. Qxe2 Nc6 14. c3 a5 15.
f4 O-O 16. g4 f5 17. Nf2 b4 18. Qd2 a4 19. d4 a3 20. Rfc1 bxc3 21. bxc3 Na5 22.
Bf1 Rb2 23. Qd3 c4 24. Qd1 Bd7 25. gxf5 exf5 26. e5 dxe5 27. dxe5 Rd8 28. Qd5+
Kh8 29. Rd1 Rbb8 30. Qf7 Qc8 31. Rd5 Be8 32. Rxd8 Qxd8 33. Qe6 Qc8 34. Qd6 Bf7
35. Qxa3 Rb5 36. Rd1 Bf8 37. Qa4 Be8 38. Qc2 Bf7 39. Bg2 Nb7 40. Qa4 Rb2 41.
Qd7 Be6 42. Qxc8 Bxc8 43. Bd5 Rxa2 44. e6 Be7 45. Bxc4 Rb2 46. Bd4+ Kg8 47. Bd5
Re2 48. Kf1 Rb2 49. Ra1 Rb5 50. Ra8 Rxd5 51. Rxc8+ Nd8 52. Nd3 Kf8 53. Ke2 Ke8
54. Rb8 Rd6 55. Nc5 Rc6 56. Nd3 Rxe6+ 57. Kf3 h6 58. h3 g5 59. Ra8 Bf6 60. Bxf6
Rxf6 61. Ra5 Ne6 62. Re5 Kf7 63. Ra5 Kg6 64. Ra8 Kh5 65. fxg5 Nxg5+ 66. Kg2 f4
67. Nf2 Rc6 68. Ra3 Rc4 69. Rb3 Kg6 70. Rb4 f3+ 71. Kg3 Rxc3 72. Rb6+ Kg7 73.
Rb7+ Nf7 74. Ng4 Kg6 75. Rb6+ Kg7 76. Rb7 Kf8 77. Rb8+ Ke7 78. Rb7+ Ke6 79.
Rb6+ Nd6 80. Nf2 Kd5 81. Ra6 Rb3 82. Ra1 Nf5+ 83. Kf4 Nh4 84. Ra5+ Kc4 85. Rh5
Ng2+ 86. Kg3 Kd4 87. Rxh6 Ke3 88. Re6+ Kd2 89. Re4 Ne1 90. h4 Rb8 91. h5 Rg8+
92. Rg4 Rh8 93. Rh4 Ke2 94. h6 Nc2 95. h7 Ne3 96. Rf4 Rxh7 97. Nh3 Rg7+ 98. Kh2
Ng4+ 99. Kh1 Nf2+ 100. Nxf2 Kxf2 101. Rh4 Kf1 0-1

[Event "9. Lichtenberger Sommer"]
[Site "Berlin"]
[Date "2010.08.09"]
[Round "3.41"]
[White "Slepuschkin, Shenis"]
[Black "Buraczynski, Radoslaw"]
[Result "1-0"]
[WhiteElo "2099"]
[BlackElo "1789"]
[PlyCount "107"]
[EventDate "2010.??.??"]
[WhiteTeam "SK Zehlendorf e.V."]
[BlackTeam "USG Chemnitz"]

1. f4 d5 2. b3 Nf6 3. Nf3 c5 4. e3 e6 5. Bb2 a6 6. a4 Nc6 7. Be2 Qc7 8. Ne5 Bd6
9. Nxc6 bxc6 10. O-O Bb7 11. Qe1 O-O-O 12. a5 Rhg8 13. Rf3 Kb8 14. Qf1 Ka7 15.
d4 cxd4 16. Bxd4+ c5 17. Bxf6 gxf6 18. Na3 d4 19. e4 Bxe4 20. Bxa6 Bc6 21. Bd3
Bxf4 22. Rxf4 c4 23. bxc4 Qe5 24. g3 h5 25. Nb5+ Ka8 26. Re1 Qb8 27. Nxd4 Rxd4
28. Be4 Bxe4 29. Rexe4 Rd2 30. Re2 Qa7+ 31. Qf2 Rgd8 32. Qxa7+ Kxa7 33. Rxd2
Rxd2 34. Rf1 f5 35. Rf4 Rxc2 36. Rh4 Ka6 37. Rxh5 Rxc4 38. Rh7 f6 39. Rf7 Kxa5
40. Rxf6 Re4 41. h4 Rg4 42. Kg2 Re4 43. h5 Rg4 44. h6 Rg5 45. Rxe6 f4 46. Kf3
fxg3 47. Kg2 Rh5 48. Kxg3 Kb5 49. Kg4 Rh1 50. Kg5 Rg1+ 51. Kf6 Kc5 52. h7 Rh1
53. Kg7 Kd5 54. Rg6 1-0

[Event "9. Lichtenberger Sommer"]
[Site "Berlin"]
[Date "2010.08.09"]
[Round "3.42"]
[White "Albrecht, Rainer"]
[Black "Hantusch, Ralf"]
[Result "1-0"]
[WhiteElo "2141"]
[BlackElo "1867"]
[PlyCount "57"]
[EventDate "2010.??.??"]
[WhiteTeam "SC Kreuzberg e.V."]
[BlackTeam "SV Bau-Union e.V."]

1. d4 d5 2. c4 c6 3. Nf3 Nf6 4. Nc3 e6 5. e3 Nbd7 6. b3 Bd6 7. Bd3 O-O 8. O-O
Re8 9. e4 dxe4 10. Nxe4 Nxe4 11. Bxe4 Nf6 12. Bc2 h6 13. Ne5 Qc7 14. Re1 c5 15.
Bb2 b6 16. Qd3 Bb7 17. d5 Rad8 18. Ng4 e5 19. Nxf6+ gxf6 20. Qh7+ Kf8 21. f4
Ke7 22. fxe5 Bxe5 23. Bxe5 fxe5 24. Rf1 Rf8 25. Rad1 Qd6 26. Qg7 Kd7 27. Rf6
Qe7 28. d6 Qe8 29. Qg4+ 1-0

[Event "9. Lichtenberger Sommer"]
[Site "Berlin"]
[Date "2010.08.09"]
[Round "3.43"]
[White "Metin, Altug"]
[Black "Moritz, Aron"]
[Result "0-1"]
[WhiteElo "1748"]
[BlackElo "2027"]
[PlyCount "62"]
[EventDate "2010.??.??"]
[WhiteTeam "vereinslos"]
[BlackTeam "SV Empor Berlin e.V."]

1. e4 c5 2. b4 cxb4 3. a3 d5 4. exd5 Qxd5 5. Nf3 e5 6. axb4 Bxb4 7. c3 Bd6 8.
Na3 Nc6 9. Bc4 Qe4+ 10. Be2 Qg6 11. Nb5 Bb8 12. O-O Nge7 13. Re1 O-O 14. d4 e4
15. Ng5 h6 16. Bh5 Qf5 17. Bxf7+ Rxf7 18. Nxf7 Qxb5 19. Nxh6+ gxh6 20. Rxe4 Qf5
21. Qb3+ Kg7 22. Rh4 h5 23. Qd1 Qg6 24. Rxh5 Bg4 25. Bh6+ Kh7 26. Rg5 Bxd1 27.
Rxg6 Kxg6 28. Bf8 Bb3 29. Re1 Kf7 30. Bh6 a5 31. g4 a4 0-1

[Event "9. Lichtenberger Sommer"]
[Site "Berlin"]
[Date "2010.08.09"]
[Round "3.44"]
[White "Kapr, Klaus"]
[Black "Junge, Wolfgang"]
[Result "1-0"]
[WhiteElo "2046"]
[BlackElo "1745"]
[PlyCount "33"]
[EventDate "2010.??.??"]
[WhiteTeam "SC Friesen Lichtenberg e.V."]
[BlackTeam "SC Friesen Lichtenberg e.V."]

1. e4 e5 2. Nf3 Nf6 3. Nxe5 d6 4. Nf3 Nxe4 5. d4 d5 6. Bd3 Be7 7. O-O Nc6 8.
Nc3 Nf6 9. Re1 O-O 10. h3 Re8 11. Bg5 h6 12. Bxf6 Bxf6 13. Rxe8+ Qxe8 14. Nxd5
Bd8 15. Qd2 Be6 16. Nf4 Qd7 17. d5 1-0

[Event "9. Lichtenberger Sommer"]
[Site "Berlin"]
[Date "2010.08.09"]
[Round "3.45"]
[White "Guenther, Thomas"]
[Black "Toumbeli, Zoi"]
[Result "1-0"]
[WhiteElo "2096"]
[BlackElo "1994"]
[PlyCount "71"]
[EventDate "2010.??.??"]
[WhiteTeam "SV Senat"]
[BlackTeam "Patras Chess Club"]

1. d4 Nf6 2. c4 e6 3. Nf3 d5 4. Nc3 c6 5. e3 Nbd7 6. Be2 Be7 7. O-O O-O 8. Qc2
Re8 9. b3 Nf8 10. e4 dxe4 11. Nxe4 Ng6 12. Bb2 b6 13. Rfd1 Qc7 14. Ne5 Bb7 15.
Ng5 Rf8 16. Bd3 Nd7 17. Nxh7 Ndxe5 18. Nxf8 Kxf8 19. dxe5 Nxe5 20. Bf1 Ng4 21.
g3 Bc5 22. Bd4 Bd6 23. c5 Be7 24. Qh7 Bf6 25. Qe4 Ne5 26. Bg2 Nd7 27. Bxf6 Nxf6
28. Qd4 Nd5 29. b4 b5 30. Qh4 Qe5 31. Qd4 Qh5 32. a4 e5 33. Qd2 a6 34. axb5
axb5 35. Rxa8+ Bxa8 36. Ra1 1-0

[Event "9. Lichtenberger Sommer"]
[Site "Berlin"]
[Date "2010.08.09"]
[Round "3.46"]
[White "Perestjuk, Marko"]
[Black "Sabrowski, Uwe"]
[Result "0-1"]
[WhiteElo "1918"]
[BlackElo "2080"]
[PlyCount "138"]
[EventDate "2010.??.??"]
[WhiteTeam "SC Zitadelle Spandau 1977 e.V."]
[BlackTeam "SC Friesen Lichtenberg e.V."]

1. e4 c5 2. Nf3 Nc6 3. d4 cxd4 4. Nxd4 Nf6 5. Nc3 e5 6. Ndb5 d6 7. Bg5 a6 8.
Na3 b5 9. Nd5 Be7 10. Bxf6 Bxf6 11. c3 O-O 12. Nc2 Rb8 13. Bd3 Bg5 14. O-O Ne7
15. Nxe7+ Qxe7 16. Nb4 Bb7 17. Qb3 Rfc8 18. a4 a5 19. Nc2 bxa4 20. Qxa4 Rc5 21.
Na3 Bc6 22. Qc2 g6 23. Nc4 Qc7 24. Rfe1 Bb5 25. Ne3 Bxd3 26. Qxd3 Bxe3 27. Rxe3
Rxb2 28. Rh3 Qb6 29. Rf1 Rb3 30. Qd2 Qc7 31. Qh6 f6 32. Rf3 Qe7 33. Qd2 Kg7 34.
Rd1 a4 35. Rd3 Rc6 36. Qa2 Ra6 37. c4 Rxd3 38. Rxd3 Qb7 39. f3 Qb4 40. Kf2 Rc6
41. Ke2 f5 42. exf5 gxf5 43. Qd2 Qxd2+ 44. Rxd2 a3 45. Kd3 Ra6 46. Ra2 Kf6 47.
g3 Kg5 48. Ke3 Ra4 49. Kd3 h5 50. h4+ Kf6 51. Kc3 Ra7 52. Kd3 Ke6 53. f4 e4+
54. Kd4 Ra5 55. Kc3 Ra4 56. Kb3 Ra7 57. Kb4 Kd7 58. Kc3 Kc6 59. Kb4 Ra8 60. Kb3
Kc5 61. Kc3 Rg8 62. Rg2 a2 63. Kb2 Kxc4 64. Kxa2 Kd3 65. Rb2 e3 66. Rb3+ Ke4
67. Kb2 e2 68. Rb7 Kd3 69. Re7 Rxg3 0-1

[Event "9. Lichtenberger Sommer"]
[Site "Berlin"]
[Date "2010.08.09"]
[Round "3.47"]
[White "Krajewski, Wolfgang"]
[Black "Kapp, Frank"]
[Result "1-0"]
[WhiteElo "2098"]
[BlackElo "1881"]
[PlyCount "89"]
[EventDate "2010.??.??"]
[WhiteTeam "SK Zehlendorf e.V."]
[BlackTeam "TSV IFA Chemnitz"]

1. d4 e6 2. c4 f5 3. g3 Nf6 4. Bg2 Be7 5. Qc2 O-O 6. b3 d5 7. Nf3 Ne4 8. O-O
Nd7 9. Ne5 c6 10. f3 Nd6 11. Ba3 Nf6 12. Nd2 Bd7 13. e4 dxe4 14. fxe4 Ndxe4 15.
Bxe7 Qxe7 16. Nxe4 Nxe4 17. Bxe4 fxe4 18. Qxe4 Rad8 19. Rae1 Qd6 20. Rxf8+ Rxf8
21. Nxd7 Qxd7 22. Qxe6+ Qxe6 23. Rxe6 Rd8 24. Re4 Kf7 25. Kf2 g5 26. Ke3 h5 27.
Re5 Kf6 28. Ke4 b6 29. d5 cxd5+ 30. cxd5 h4 31. Re6+ Kf7 32. gxh4 gxh4 33. Rh6
Re8+ 34. Kf5 Re2 35. Rh7+ Ke8 36. Rxh4 Rxa2 37. Ke6 Re2+ 38. Kd6 Rc2 39. Rh8+
Kf7 40. h4 Rc3 41. Rh7+ Ke8 42. h5 a5 43. h6 Rxb3 44. Ra7 Kf8 45. Ra8+ 1-0

[Event "9. Lichtenberger Sommer"]
[Site "Berlin"]
[Date "2010.08.09"]
[Round "3.48"]
[White "Lieder, Günter"]
[Black "Hünerfauth, Uwe"]
[Result "0-1"]
[WhiteElo "1868"]
[BlackElo "2108"]
[PlyCount "50"]
[EventDate "2010.??.??"]
[WhiteTeam "SK Turm Bad Hersfeld"]
[BlackTeam "SK Landau"]

1. c4 Nf6 2. Nc3 e6 3. g3 d5 4. cxd5 exd5 5. d4 c6 6. Bg2 Bd6 7. Nf3 O-O 8. O-O
h6 9. Re1 Re8 10. Qc2 Nbd7 11. Bd2 Ne4 12. Nh4 Ndf6 13. Qc1 Bd7 14. Nd1 a5 15.
Ne3 Nxd2 16. Qxd2 Bb4 17. Qd3 Bxe1 18. Rxe1 Ne4 19. f3 Nd6 20. Kf2 Qf6 21. f4
g5 22. Nf3 gxf4 23. gxf4 Qxf4 24. Nc2 Bf5 25. Qb3 a4 0-1

[Event "9. Lichtenberger Sommer"]
[Site "Berlin"]
[Date "2010.08.09"]
[Round "3.49"]
[White "Sivakumaran, Ramesh"]
[Black "Thier, Jürgen"]
[Result "0-1"]
[WhiteElo "1719"]
[BlackElo "2073"]
[PlyCount "72"]
[EventDate "2010.??.??"]
[WhiteTeam "SV Empor Berlin e.V."]
[BlackTeam "SF Heidelberg"]

1. c4 b6 2. d4 e6 3. e4 Bb7 4. Nc3 g6 5. g3 Bg7 6. Bg2 d6 7. Nge2 Nd7 8. O-O
Ne7 9. Be3 h6 10. Qd2 Kf8 11. Rad1 Kg8 12. f4 Kh7 13. e5 Bxg2 14. Kxg2 d5 15.
cxd5 exd5 16. Rc1 Nf8 17. Rc2 a6 18. Rfc1 Ne6 19. b4 Qd7 20. a4 c6 21. a5 bxa5
22. bxa5 c5 23. dxc5 Rhd8 24. Bd4 Bf8 25. Ra2 Rab8 26. Na4 Rb5 27. Nb6 Qb7 28.
Rb2 Nc6 29. Rcb1 Bxc5 30. Bxc5 Rxc5 31. Nxd5 Rcxd5 32. Qc2 Rb5 33. Kf1 Ncd4 34.
Nxd4 Nxd4 35. Rxb5 Qh1+ 36. Kf2 Qxh2+ 0-1